Význam a tvorba výkyvovej rezervy poisťovní vo vybraných krajinách

Transformácia poistných účelových fondov na technické rezervy. Harmonizácia nášho a európskeho poistného práva. Tvorba výkyvovej rezervy na Slovensku. Technická rezerva na vyrovnávanie mimoriadnych rizík. Tvorba výkyvovej rezervy v Českej republike. Vyrovnávacia rezerva. Tvorba výkyvovej rezervy v M...

Ausführliche Beschreibung

Gespeichert in:
Bibliographische Detailangaben
1. Verfasser: Kafková, Eva
Weitere Verfasser: Pergelyová, Katarína, Kyseľová, Viera
Format: Buchkapitel
Sprache:Slowakisch
Schlagworte:
Tags: Tag hinzufügen
Keine Tags, Fügen Sie das erste Tag hinzu!

MARC

LEADER 00000naa$a2200000$$$4500
001 0011299
005 20240502071356.3
041 0 |a slo 
044 |a SK 
245 1 0 |a Význam a tvorba výkyvovej rezervy poisťovní vo vybraných krajinách  |c aut. Eva Kafková, Katarína Pergelyová, Viera Kyseľová 
520 |a Transformácia poistných účelových fondov na technické rezervy. Harmonizácia nášho a európskeho poistného práva. Tvorba výkyvovej rezervy na Slovensku. Technická rezerva na vyrovnávanie mimoriadnych rizík. Tvorba výkyvovej rezervy v Českej republike. Vyrovnávacia rezerva. Tvorba výkyvovej rezervy v Maďarsku. Rezerva na škodové výkyvy. Rezerva pre prípad veľkých škôd. Tvorba rezerv v Poľsku. Výpočet výkyvovej rezervy pri povinnom zmluvnom poistení zodpovednosti za škodu spôsobenú prevádzkou motorevého vozidla. Metódy EÚ. Maďarská metóda. Nemecká metóda. Analýza výsledkov. 
610 2 0 |a poisťovníctvo 
610 2 0 |a poisťovne 
610 2 0 |a rezervy technické 
610 2 0 |a poistenie neživotné 
610 2 0 |a poistenie povinné zmluvné 
610 2 0 |a legislatíva 
610 2 0 |a rezervy poistné 
610 2 0 |a tvorba rezerv 
610 2 0 |a Slovensko 
610 2 0 |a Česko 
610 2 0 |a Maďarsko 
610 2 0 |a Poľsko 
100 1 |a Kafková, Eva 
700 1 |a Pergelyová, Katarína 
700 1 |a Kyseľová, Viera